000 00303nam a22001217a 4500
020 _a0-02-946575-3
082 _a621.4021 BAU
100 _aBAUMAN, ROBERT P
_967752
245 _aMODERN THERMODYNAMICS WITH STATISTICAL MECHANICS
260 _aNEW YORK
_bMACMILLON
_c1992
300 _a507P
942 _cBK
999 _c575460
_d575460